[Event "Madrid Magistral 7th"]
[Site "Madrid"]
[Date "1998.05.15"]
[Round "5"]
[White "Leko, Peter"]
[Black "Adams, Michael"]
[Result "1/2-1/2"]
[WhiteElo "2670"]
[BlackElo "2670"]
[Annotator "Lukacs,P"]
[PlyCount "54"]
[EventDate "1998.05.11"]
[EventType "tourn"]
[EventRounds "9"]
[EventCountry "ESP"]
[EventCategory "17"]
[SourceTitle "CBM 065"]
[Source "ChessBase"]
[SourceDate "1998.08.06"]
[SourceVersion "1"]
[SourceVersionDate "1998.08.06"]
[SourceQuality "1"]

{Wedberg: Michael Adams once again demonstrates the equalising strength of the
Marshall. P down seems to be no problem for Black even without an attack.} 1.
e4 {Blatny,P Wedberg} e5 2. Nf3 Nc6 3. Bb5 a6 4. Ba4 Nf6 5. O-O Be7 6. Re1 b5
7. Bb3 O-O 8. c3 d5 9. exd5 Nxd5 10. Nxe5 Nxe5 11. Rxe5 c6 12. d3 {The idea is
that White wants to fight with Re4. In case of} (12. d4 Bd6 13. Re1 Qh4 14. g3
Qh3 15. Re4 {Black has the strong reply} g5 $1 {/\} 16. Bxg5 $4 Qf5 {and the R
on e4 is not defended.}) 12... Bd6 13. Re1 Qh4 14. g3 Qh3 15. Re4 Nf6 {These
days also popular are:} (15... Qf5 {and}) (15... Qd7) (15... Bb7 {Wedberg} 16.
Nd2 Rae8 17. Qf1 Qd7 18. Rxe8 Rxe8 19. Ne4 c5 20. Bd2 Bf8 21. Re1 $14 {Leko,
P-Adams,M/Belgrade Invest 1995/CBM 51/1/2-1/2 (51)}) (15... Qd7 {Wedberg} 16.
Nd2 (16. Re1 {Blatny,P} Qh3 17. Re4 {1/2-1/2 Short,N-Sokolov,I/Parnu-A 1996/
CBM 52}) 16... Bb7 17. Re1 (17. Qf1 c5 18. Re1 Kh8 19. a4 (19. Bd1 f5 20. Bf3
$13) 19... Nf4 $1 $40 {0-1 Almasi,Z-Khalifman,A/Ubeda 1997/CBM 58/[Blatny,P] 
(36)}) 17... c5 18. Ne4 Be7 19. Bg5 (19. a4 $5 {Wedberg: The latest try for
White in this line. At the present moment it seems to give White a slight
advantage.} b4 (19... f5 20. Ng5 $40) 20. Bg5 Bxg5 (20... f6 21. Be3) 21. Nxg5
bxc3 22. bxc3 h6 (22... Rad8 23. Ne4 Qc6 24. Qh5 Nxc3 25. Qxc5 Rxd3 26. Bc4
Qxc5 27. Nxc5 Rd4 28. Bf1 $16 {Polgar,J-Adams,M/Fontys 1997/CBM 61/1/2-1/2 (64)
}) (22... Qc6 23. Qf3 Rad8 24. d4 cxd4 25. cxd4 h6 26. Ne4 $14 {Leko,
P-Slobodjan,R/FIDE-Wch k.o. 1997/CBM 63/1/2-1/2 (79)}) 23. Ne4 Qc6 24. Qh5 Rad8
25. Qf5 (25. a5 f5 26. Nd2 Kh8 27. Nf3 $4 Nf6 {0-1 Almasi,Z-Adams,M/EU-chTM
1997/EXP 57/[Blatny,P]}) 25... Nxc3 26. Qxc5 Rxd3 27. Bc4 Qxc5 28. Nxc5 Rd4 29.
Bf1 $16 {1-0 Almasi,Z-Tseshkovsky,V/JUG-chT 1997/EXP 59 (36)}) (19. Qh5 Kh8 20.
Ng5 Nf6 21. Qh3 Qc6 22. f3 c4 23. dxc4 bxc4 24. Bc2 Bc5+ 25. Kf1 $13 {1/2-1/2
Anand,V-Ivanchuk,V/London PCA 1994 (33)}) (19. d4 c4 20. Bc2 h6 (20... Qh3) 21.
f3 f5 22. Nf2 Bd6 23. Bd2 Rae8 24. Rxe8 Rxe8 25. Qf1 $14 {1-0 Kveinys,A-Wegner,
H/Kuopio op 1992 (28)}) 19... f6 20. c4 Nb4 $1 21. cxb5+ Kh8 22. Be3 Nxd3 $17)
(15... Qf5 {Wedberg} 16. Nd2 Qg6 17. Re1 Bg4 (17... h5 18. Nf3 Bg4 19. Nh4 Qf6
20. f3 Bh3 21. Bxd5 cxd5 22. Be3 $14 {1-0 Brunner,L-Wahls,M/Altensteig 1989/
CBM 14 (62)}) 18. f3 Bh3 (18... Bh5 19. Ne4 Rae8 20. Kg2 Bb8 21. Bd2 f5 22. Nf2
Kh8 23. Bxd5 cxd5 24. d4 f4 25. g4 $16 {Georgiev,K-Bryson,D/Dubai olm 1986/TD
86\02/1-0 (60)}) 19. Ne4 Rae8 20. Re2 h5 21. Bg5 Bc7 22. Qd2 Kh8 23. Rae1 $14 {
1/2-1/2 Anand,V-Adams,M/FIDE-Wch k.o. 1997/CBM 63}) 16. Rh4 Qf5 17. Bc2 (17.
Bf4 Be7 $1 {This was my novelty, because the Anand game is not impressive at
all from the Black side.} (17... g5 $6 18. Bxd6 gxh4 19. Bxf8 Kxf8 20. Qe2 Bb7
21. Nd2 c5 22. f3 hxg3 23. hxg3 Qg5 24. Qf2 Rd8 25. Bc2 Nh5 26. Nf1 Qd5 27. Re1
$16 {Anand-Cooper, Blackpool (ch GB) 1988}) 18. d4 g5 19. Bc2 Qd5 20. Bb3 Qf5
21. Bc2 Qd5 {1/2:1/2 Gdanski-Lukacs,Budapest FS 1996}) (17. d4 Re8 (17... Qg6
$5 18. Bc2 (18. Bf4 Be7 19. Bc2 Bf5) 18... Bf5 19. Bxf5 Qxf5 {The exchange of
the light squared B is usually good for Black from strategical point of view.
Black cannot create an immediate mating ->, but he has a strong pressure,
because White's B is bad.} 20. Be3 Rae8 $1 21. Nd2 Nd5 22. Nf1 {(Z.
Almasi-Lukacs, Austria ch T 1996)} (22. Rh5 Qg6 23. Rg5 Qf6) {and now} 22...
Qg6 $1 23. Qh5 (23. Rg4 Qe6 $44) 23... Qxh5 24. Rxh5 f5 $1 $44 {would have
given sufficient compensation for the P in the _|_.}) 18. Bc2 (18. Bf4 $6 {
runs into} g5 19. Bxd6 (19. Bc2 $2 Ne4 20. f3 Bxf4 21. Bxe4 Rxe4 22. Rxf4 gxf4
23. fxe4 Qxe4 $17 {Poletaev-Sadomsky, corr. 1966}) 19... gxh4 20. Nd2 hxg3 21.
hxg3 Be6 22. Bc2 Qh3 23. Qf1 Qxf1+ 24. Nxf1 $44 {White has certainly
compensation, but not more.}) 18... Qd5 19. Bb3 (19. Nd2 c5 20. dxc5 $1 (20. f3
Bf5 21. Bxf5 Qxf5 $44) 20... Bb7 21. Ne4 Qxd1+ 22. Bxd1 Nxe4 23. cxd6 Nxg3 $1
24. Be3 Nf5) 19... Qf5 20. Bc2 $11 {with repetition of moves.}) 17... Qg6 (
17... Re8 18. Nd2 $1 (18. Be3 Rxe3 $1 19. fxe3 g5 {Now we see the dark side of
the R on h4.} 20. Rd4 Bc7 21. Nd2 c5 22. Re4 Nxe4 23. Nxe4 Bb7 $17 {
Darga-Jimenez, Capablanca mem. 1964}) 18... Ng4 $1 19. Nf3 $1 (19. Ne4 Be7 $1 (
19... Rxe4 20. f3 $3 $16) 20. f3 Bxh4 21. fxg4 Qg6 22. gxh4 Bxg4 23. Qd2 Bd1+
$1) 19... Qg6 20. d4 Bf5 $13) (17... g5 $6 {here doesn't work because of} 18.
d4 Qd5 19. c4 (19. Bb3 {Wedberg} Qf5 20. Bc2 Qd5 21. c4 bxc4 22. Nc3 Qa5 23.
Rh6 $16 {1-0 Maryska,V-Voracek,M/CZE-chT1c 9697 1997/EXT 97 (37)} (23. Rh6 {
Blatny,P} Kg7 24. Rxf6 Kxf6 25. Ne4+ Ke7 26. Bxg5+ Kd7 27. a3 {Maryska,
V-Voracek,M/CZE-chT1c 9697 1997/EXT 97/1-0 (38)})) 19... bxc4 20. Nc3 Qa5 21.
Rh6 Kg7 22. Rxf6 Kxf6 23. Qh5 (23. Ne4+ Ke7 24. Bxg5+ Kd7 25. a3 f5 26. Bd2 Qd5
27. Nxd6 Qxd6 28. Bb4 $16 {Maryska-Voracek, CZE-chT1c 1997}) 23... Ke7 24.
Bxg5+ $16 {Al.Modiakhi-Malcolm, Asia-J.Kuala Lumpur 1993}) 18. Nd2 (18. d4 Bf5
19. Bxf5 Qxf5 20. Bf4 (20. Be3 {Wedberg} Rae8 21. Nd2 Nd5 22. Nf1 f6 23. a4 g5
24. Rh5 Qd7 $13 {1-0 Almasi,Z-Lukacs,P/AUT-chT9596 1996/EXP 52 (46)}) 20... g5
21. Bxd6 Rfe8 22. g4 Qd5 23. Rh3 (23. Rh6 $5) 23... Qxd6 $44 {Ueter-Rieke, BL
1984} (23... Qxd6 24. Nd2 Nd5 25. Qc2 Qg6 26. Qxg6+ hxg6 27. Kf1 $14 {Ueter,
H-Rieke,T/BL8384 1984/BL 80/1/2-1/2 (62)} (27. Kf1 {Blatny,P} Kg7 {Ueter,
H-Rieke,T/BL8384 1984/BL 80/1/2-1/2 (62)}))) (18. Bf4 Be7 $1 19. d4 (19. Nd2
Nd5) 19... Bf5 20. Bxf5 Qxf5 21. Be5 Nd5 $1 {White has problems with his R on
h4.} (21... g5 22. Bxf6 Bxf6 23. Rh5) 22. Rg4 g5 $1 $17) (18. a4 {is slow here.
} Bg4 19. Qf1 Rae8 $44) 18... Bg4 19. Nf3 (19. f3 Bf5 $44) (19. Qf1 Be7 (19...
Rae8 {Wedberg} 20. Ne4 Be7 {[%csl Rh4] צh4}) 20. f3 Bf5 $44) 19... Rfe8 20.
Kg2 (20. d4 $4 Bxf3 $19) 20... Nd5 (20... Qf5 $143 21. h3) (20... h6 $5 {
is a possible reply now.} 21. h3 (21. d4 $6 Bf5 (21... Bxf3+ $2 22. Kxf3 $1 $18
) 22. Bxf5 Qxf5 {and the R is offside again.} 23. Bf4 g5 $1 24. Bxd6 gxh4 $17)
21... Be6 (21... Bf5 $143 22. Nd4) 22. d4 Bf5 $44) (20... c5 $6 {Blatny,P} 21.
d4 Ne4 22. Bxe4 Qxe4 23. h3 Bxf3+ 24. Qxf3 Qxf3+ 25. Kxf3 $16) 21. d4 (21. h3 {
Blatny,P} Bf5 22. Nd4 $5) 21... Bf5 22. Bxf5 Qxf5 $44 {This is a typical
position for the whole Marshall. Black is a P down, but he has a long-lasting
pressure and even the _|_ is not that terrible for him. Wedberg: White is weak
on the white squares and the R on h4 is looking a bit out of play.} 23. Bd2 (
23. Ng5 {Blatny,P} h6 24. Qf3 Qf6 25. Qxf6 Nxf6 $14) 23... Nf6 $1 ({On} 23...
h6 {comes} 24. Qb1) (23... Be7 {Blatny,P} 24. Rh3 $132) 24. Bf4 ({Now} 24. Qb1
{is answered by} Ne4) 24... Bf8 25. Bd2 (25. Be5 $2 g5 $1) (25. Qb1 Qxb1 (25...
Ne4 26. Be5 (26. Be5 {Wedberg} Qxf3+ 27. Kxf3 Nd2+ 28. Kg2 Nxb1 29. Rxb1 f6 $11
{/\Re2})) (25... Qd5 26. Be5 $1 $16) 26. Rxb1 Nd5 $44 (26... h6 $13)) 25... Bd6
26. Bf4 (26. a4 $5 {Blatny,P}) 26... Bf8 27. Bd2 Bd6 1/2-1/2

[Event "Dortmund SuperGM 26th"]
[Site "Dortmund"]
[Date "1998.07.05"]
[Round "9"]
[White "Leko, Peter"]
[Black "Svidler, Peter"]
[Result "0-1"]
[WhiteElo "2670"]
[BlackElo "2690"]
[Annotator "Lukacs,P"]
[PlyCount "70"]
[EventDate "1998.06.26"]
[EventType "tourn"]
[EventRounds "9"]
[EventCountry "GER"]
[EventCategory "18"]
[SourceTitle "CBM 066"]
[Source "ChessBase"]
[SourceDate "1998.09.30"]
[SourceVersion "1"]
[SourceVersionDate "1998.09.30"]
[SourceQuality "1"]

1. e4 {Ftacnik Blatny,P} e5 2. Nf3 Nc6 3. Bb5 a6 4. Ba4 Nf6 5. O-O Be7 6. Re1
b5 7. Bb3 O-O 8. c3 d5 9. exd5 Nxd5 10. Nxe5 Nxe5 11. Rxe5 c6 12. d3 Bd6 13.
Re1 Qh4 (13... Bf5 $5 {Blatny,P} 14. Nd2 (14. Bxd5 cxd5 15. Nd2 Bxd3 $13) 14...
Nf4 15. Qf3 Qd7 16. Ne4 Bg4 17. Qe3 Nxd3 18. Nxd6 Qxd6 19. Qe7 Rad8 20. Qxd6
Rxd6 {1/2-1/2 Smirin,I-Adams,M/Tilburg 1992}) 14. g3 Qh3 15. Re4 {The young
Hungarian stars Leko and Z.Almasi make their opponent's life easier in the Ruy
Lopez Marshall. They play always this line, which helps a lot for their
opponents to prepare for the battle, and unfortunately their results are not
encouraging.} Qf5 (15... Nf6 {See Leko-Adams CBM 65}) (15... Qd7 {Blatny,P} 16.
Nd2 Bb7 17. Re1 c5 18. Ne4 Be7 19. a4 b4 20. Bg5 Bxg5 21. Nxg5 h6 22. Ne4 Rac8
23. Qh5 f5 24. Bc4 Kh8 25. Nd2 Nf6 26. Qe2 Rce8 27. Qf1 Qc6 28. f3 Ng4 $1 29.
Rxe8 Rxe8 30. Re1 Ne3 $36 {Leko,P - Bennedik/Frankfurt 1998}) (15... Nf6 {
Blatny,P} 16. Rh4 Qf5 17. Bc2 Qg6 18. Nd2 (18. d4 Bf5 19. Bxf5 Qxf5 $44) 18...
Bg4 19. Nf3 Rfe8 20. Kg2 Nd5 21. d4 Bf5 22. Bxf5 Qxf5 23. Bd2 Nf6 24. Bf4 Bf8
25. Bd2 Bd6 $11 {Leko,P-Adams,M/Madrid 1998}) 16. Nd2 Qg6 17. Re1 f5 (17... Bc7
{Ftacnik} 18. Nf3 Bg4 19. Nh4 Qh5 20. f3 Bh3 21. Qe2 $14) 18. Nf3 {This is a
new move here. White wants to play Ne5 forcing to exchange Black's strong B.
However the idea is a bit slow.} (18. c4 {is the theoretical main line leading
to immense complications.}) (18. f4 {was also tried several times, but Black
has found the antidote here.}) (18. c4 $142 {Blatny,P}) (18. f4 {Blatny,P} Bxf4
(18... Kh8 19. Bxd5 cxd5 20. Qf3 Bd7 21. Nb3 d4 22. Nxd4 Rae8 23. Be3 Qf7 24.
Bf2 Bc8 {1/2-1/2 Popovic,P-Pavlovic,M/Belgrade IKO/1992/ (29)}) 19. Qf3 (19.
Nf3 Bc7 20. Ne5 Bxe5 21. Rxe5 Be6 22. c4 bxc4 23. dxc4 Nb6 24. Be3 Rab8 25. Qd6
Bf7 26. Qxg6 hxg6 {1/2-1/2 Milos,G-Sanz Alonso,F/Elgoibar/1993/ (43)}) 19...
Bb8 $1 (19... Bxd2 $6 20. Bxd5+ cxd5 21. Qxd5+ Kh8 22. Bxd2 Ra7 23. Qc5 Raf7
24. Bf4 h6 25. d4 Bb7 26. d5 $16 {Koch,J-Blatny,P/EU-chT Haifa 1989}) 20. Bxd5+
cxd5 21. Nf1 (21. Qxd5+ $6 Kh8 22. Nf3 (22. Qxa8 $2 Qb6+ 23. d4 Bb7 24. Re6 $1
Qc7 $1 $19 {[%csl Rg1][%cal Gc7g3,Gf5f4,Gf8f1]}) 22... Bxg3 $1 (22... Ra7 {
Ftacnik} 23. Ne5 Bxe5 24. Rxe5 Raf7 {/\ Bb7} (24... Bb7 25. Qc5 Raa8 {/\ Rc8})
25. Bf4 h6 26. Rae1 Bb7 27. Qe6 Qh5 {1/2-1/2 Sion Castro,M-Sanz,J/Benidorm op/
1993/ (34)}) 23. Qxa8 (23. Re2 Bc7+ 24. Rg2 Qb6+ 25. d4 Bb7 26. Qd7 Rg8 27. Ng5
Raf8 $17) (23. hxg3 Qxg3+ 24. Kf1 (24. Kh1 Ra7 $19) 24... f4 $40) 23... Bxe1+
24. Kf1 f4 25. Kxe1 (25. Qd5 Re8 $1) 25... Re8+ 26. Kf2 Bh3 27. Qxe8+ Qxe8 28.
Bxf4 $17) 21... Ra7 $1 (21... Bb7 22. Re7 Bc6 23. Qe3 f4 24. Qe6+ Qxe6 25. Rxe6
Bd7 26. Re7 Bh3 27. Bxf4 Bxf4 28. gxf4 Rxf4 {1/2-1/2 Popovic,P-Pavlovic,M/
JUG-chT/1993/ (32)}) 22. Bf4 $1 (22. Qxd5+ $6 Kh8 $40 {[%csl Rg1][%cal Gc8b7,
Gb7h1,Gb8h2,Gf8f1]}) 22... Bxf4 23. Qxf4 d4 $1 24. cxd4 Rd7 $44 25. Re5 {
1/2-1/2 Fogarasi,T-Lukacs,P/Budapest FS10 GM 1994}) (18. c4 {Ftacnik} f4 19.
Ne4 fxg3 20. fxg3 Bg4 21. Qc2 bxc4 22. dxc4 (22. Qxc4 Bc7 23. Qc2 (23. Be3 Kh8
24. Bc5 Nf4 25. Bd1 Nh3+ 26. Kg2 Nf4+ 27. Kh1 Rf5 28. Nf2 Bxd1 29. Raxd1 Rh5
30. Be3 Qxg3 {0-1 Zdenek,N-Van der Kooij,J/EU-ch M corr/1988/}) 23... Kh8 24.
Bxd5 cxd5 25. Nf2 Rac8 26. Qa4 Bd7 27. Qh4 Bd8 28. Qb4 Bc7 29. Qh4 Bd8 30. Qb4
Bc7 {1/2-1/2 Hellers,F-Wahls,M/WchJM U20/1988/}) 22... Bb4 (22... Rae8 23. cxd5
Bf3 24. dxc6+ Kh8 25. Bd5 (25. Bd2 Rxe4 26. Rxe4 Bxe4 27. Qc3 Qf5 {0-1 Ivanov,
A-Agapov,K/USSR/1984/}) (25. Bf4 Bxf4 26. c7 Qb6+ 27. Qf2 Bxc7 28. Nc5 Be5 29.
Rf1 Qd6 30. Ne6 Rf6 {0-1 Sholys,L-Shkurovich Chasin,B/Baltic tt5 corr8691/
1986/ (39)}) 25... Bxg3 (25... Qf5 $2 26. Be3 Rxe4 27. Bxe4 Bxe4 28. Qe2 Bxc6
29. Rac1 Qd5 30. Rxc6 Qxc6 31. Bd4 $16) (25... h5 26. Bg5 {/\ Qd2}) 26. hxg3
Rxe4 $4 (26... Qh5 $2 27. Qh2 Qxd5 28. Bf4 Bxe4 29. Rac1 g5 30. Be3 $16) (26...
Bxe4 $1 27. Rxe4 Rxe4 28. Bxe4 Qxg3+ 29. Qg2 Qe1+ 30. Kh2 Rf2 31. Bf4 Rxg2+ 32.
Bxg2 Qh4+ 33. Kg1 Qxf4 34. Rf1 Qe3+ 35. Rf2 Qc1+ 36. Rf1 $11) 27. Bf4 $1 Rfxf4
(27... Rxe1+ 28. Rxe1 Qxc2 29. Bxf3 {/\ Rc1+-}) (27... Qh5 28. Qh2 Qxd5 29.
Rxe4 Bxe4 30. Rc1 Qd4+ 31. Qf2 Qxf2+ 32. Kxf2 Bxc6 33. Rxc6 g5 34. Rxa6 $18)
28. Qf2 Qh5 29. Qh2 Qxd5 30. gxf4 $18 {1-0 Andrijevic,M-Pavlovic,M/JUG/1988/ 
(69)}) 23. Bd2 Nf4 24. Bxf4 Bxe1 25. Rxe1 Bf5 26. Qg2 Rfe8 (26... Rae8 $1 $44)
27. Bc2 Re6 28. g4 Bxg4 29. Rf1 {1-0 Smagin,S-Hebden,M/Moscow/1986/ (36)}) (18.
Ne4 $2 {Ftacnik} fxe4 19. dxe4 Bg4 20. Qd4 Qh5 $1 21. exd5 c5 $1 $19) 18... f4
19. Ne5 (19. Nh4 {Ftacnik} Qf6 20. Qc2 Be6 $13) 19... Bxe5 (19... Qf5 $2 {
Ftacnik} 20. Nxc6 fxg3 21. fxg3 Be6 22. Qe2 Rae8 23. d4 $18) 20. Rxe5 fxg3 21.
hxg3 ({and not} 21. fxg3 $6 Bg4 (21... Bh3 $140 $2 {Blatny,P} 22. Rxd5 $1 cxd5
23. Bxd5+ $18) 22. Qe1 (22. Qc2 Rae8 $1 23. Bf4 (23. d4 Rxe5 24. dxe5 Bh3 $40)
23... Be6 24. Bxd5 Bxd5 25. Qe2 Rxe5 26. Bxe5 Qe6 27. b4 Rf5 28. d4 Rf3 $44)
22... Bh3) 21... Bg4 22. Qe1 (22. Qf1 $5 Rae8 $1 (22... Bf3 23. Bd2 Rae8 24.
Rae1 Rxe5 25. Rxe5 h6 26. c4 $14) 23. Rg5 Qe6 24. Bf4 Bf3 (24... Bh3 {Blatny,P}
25. Qd1 Bf5 $44) 25. Re5 Qg6 26. Qh3 Rxe5 27. Bxe5 Rf5 28. d4 Qh5 29. Qh4 Rg5
$1 {is very strong according to Svidler.}) (22. Qd2 Rae8 $1 (22... Rae8 {
Ftacnik} 23. d4 Rxe5 24. dxe5 Bf3 $1 (24... Be6 25. Qd4 $16) 25. Bd1 Qf7 26.
Bxf3 Qxf3 $11)) 22... Bf3 $1 {Here already Black is playing for more.
Equalizing for black is not so easy, even though he has quite good
compensation. Endgames tend to slightly favour white.} (22... Rae8 {is good
only for a perpetual check after} 23. Bg5 Rxe5 24. Qxe5 Rf5 25. Qb8+ Rf8 26.
Qe5 $11) (22... Qxd3 {Blatny,P} 23. Qd2 $14 {^^} (23. Qd2 {Ftacnik} Qxd2 24.
Bxd2 Rae8 25. Rae1 Rxe5 26. Rxe5 Rf5 27. Rxf5 Bxf5 28. c4 bxc4 29. Bxc4 $14))
23. Bd2 (23. Rg5 Rae8) (23. Bd1 Bxd1 24. Qxd1 Rxf2 25. Kxf2 Qf6+ 26. Bf4 Nxf4 {
looks dangerous for White, but the cold-blooded defence} 27. Re4 $1 Nxd3+ 28.
Ke2 Qf2+ $1 29. Kxd3 Rd8+ 30. Rd4 Re8 31. Rf4 Rd8+ $11 {leads to a draw again,
as many times in the Marshall after phantastic complications.}) (23. c4 Rae8
24. Bd2 {- 23.Bd2 Rae8 24.c4}) (23. d4 {Ftacnik} Rf5 (23... Rae8 24. Bd2 Rxe5
25. Qxe5 Re8 26. Qg5 Qxg5 27. Bxg5 Re2 28. Rb1 $14) 24. Rxf5 Qxf5 25. Bd1 Bxd1
26. Qxd1 Re8 $13) 23... Rae8 (23... Qxd3 {Blatny,P} 24. Qe3 $1 (24. Qe3 {
Ftacnik} Qg6 25. Qg5 $14)) 24. a4 $2 {White has no time for moves like that.} (
24. c4 $1 {was the last chance to hold the position:} bxc4 25. dxc4 Nf6 (25...
Rxe5 26. Qxe5 Rf5 27. Qb8+ Rf8 28. Qe5 $11 {is the well-known repetition again.
}) 26. c5+ Kh8 27. Qe3 Ne4 28. Rxe8 Qxe8 29. Bd1 Bxd1 30. Rxd1 Qh5 (30... Rxf2
$2 31. Ba5 $1) 31. Rf1 Qg4 32. Bc3 Rf3 33. Qd4 Rxg3+ 34. fxg3 Qxg3+ 35. Kh1
Qh3+ $11 {and Black has again his perpetual check.}) 24... h6 $1 {This is a
strong move in order to cover g5 and open the way for the K.} (24... Rxe5 {
Blatny,P} 25. Qxe5 Qxd3 $11 (25... Qxd3 {Ftacnik} 26. Be3 Qg6 27. axb5 axb5 28.
Qg5 $11)) 25. Bd1 {Leko loses the nerves and falls into difficult position.
His anxiety is quite understandable in the face of the mating threats for the
white king.} (25. axb5 Rxe5 26. Qxe5 Rf5 27. Qb8+ Kh7 {The black K escapes
from the checks now.} 28. Bd1 Qh5 29. Bxf3 Qxf3 $19 {/\ Rh5}) (25. c4 Rxe5 26.
Qxe5 Rf5 27. Qb8+ Kh7 $40) (25. d4 {Blatny,P} Rxe5 26. Qxe5 Re8 $1 (26... Rf5
$6 27. Bc2 $1 (27. Bc2 Qh5 28. Qe6+ Rf7 29. Qe8+ Rf8 30. Qxh5 Bxh5 31. axb5
axb5 32. Ra6 $16)) 27. Bc2 $1 (27. Qf4 Rf8 28. Qe5 (28. Qh4 Qd3 $13) 28... Re8)
27... Qf7 $1 (27... Rxe5 28. Bxg6 Re2 29. Re1 $1 (29. axb5 Rxd2 30. bxa6 Nc7
31. a7 c5 $1 (31... Kf8 $14 {Ftacnik}) 32. dxc5 Rxb2 33. Ra4 Rd2 $1) (29. Bf4
Nxf4 (29... bxa4 $5) 30. gxf4 Kf8 31. axb5 axb5 32. Ra8+ Ke7 33. Re8+ (33. f5
$2 Rxb2 34. Ra7+ Kf6 35. Rf7+ $4 Kg5 36. Rxg7 Rb1+ 37. Kh2 Kh4 38. f6 Rh1#)
33... Kd6 34. Rxe2 Bxe2 $11 {_|_}) 29... Rxe1+ 30. Bxe1 bxa4 31. c4 Nb6 32. Bd3
$16 {_|_}) 28. Qf5 Qxf5 29. Bxf5 Re2 $11) 25... Rxe5 26. Qxe5 Bxd1 27. Rxd1
Qxd3 28. Qd4 (28. axb5 $2 {Blatny,P} Qf3 (28... axb5 29. Qe1 (29. Qxg7+ Kxg7
30. Bxh6+ Kxh6 31. Rxd3 Ra8 $17) 29... Qf3 30. Ra1 $11) 29. Rf1 (29. Qe1 Rf5
30. bxc6 Rh5 31. Qe8+ Kh7 32. Qxh5 Qxh5 $19) 29... Rf5 30. Qe8+ Kh7 31. c4 Rh5
32. Qxh5 Qxh5 33. cxd5 (33. bxa6 {Ftacnik} Nb6 $19) 33... Qxd5 $19 {_|_}) 28...
Qf3 (28... Qc2 $5 {Ftacnik} 29. Re1 Qxb2 30. axb5 axb5 $17) (28... Qxd4 {
Ftacnik} 29. cxd4 bxa4 30. Ra1 Rb8 31. Bc3 Nb6 32. Ra2 $1 Kf7 33. Ba5 Nc4 34.
Bc3 a3 35. bxa3 Rb3 36. Bb4 a5 37. Bc5 Nb2 38. a4 Nd3 (38... Ke6 39. Bf8) 39.
Bd6 Nb4 40. Ra1 Rd3 41. Bc7 $132) 29. Be1 $4 {Ftacnik: The knight surprisingly
dominates the bishop, but the situation was not so critical.} (29. Bc1 Rf5 $19)
(29. Rf1 Rf5 $19) (29. Re1 $1 {was the only persistent defence leading to a
favourable _|_ for Black after} Rf5 30. Re8+ Kf7 $1 (30... Kh7 $2 31. Be1 (31.
axb5 $2 c5 $1 $19) 31... Rh5 $140 32. Qe4+ $11) 31. Re5 Rxe5 32. Qxe5 Qd1+ 33.
Be1 Qxa4 (33... bxa4 {Blatny,P} 34. c4 Nf6 35. Kg2 $15) (33... bxa4 $17 {
Ftacnik}) 34. Qh5+ Ke6 $17) 29... Ne3 $1 $19 {Simple and brilliant!} 30. fxe3 (
30. Qxe3 Qxd1) 30... Qe2 $1 {/\ Rf1} 31. Bf2 (31. Qd8 {Ftacnik} Qxe3+ $19)
31... Qxf2+ 32. Kh1 Qxg3 33. axb5 (33. Qe4 {Blatny,P} Qh3+ 34. Kg1 bxa4 $19 {
_|_}) 33... Rf5 34. Qd8+ (34. Qc4+ {Ftacnik} Kh7 35. Qe4 Qg6 $19) 34... Kh7 35.
Qd3 Qg6 (35... Qg6 {Ftacnik} 36. Rd2 Rh5+ 37. Rh2 Rxh2+ 38. Kxh2 Qxd3 $19) (
35... Qh3+ $1 {Ftacnik} 36. Kg1 Qg4+ 37. Kh1 Qh5+ 38. Kg1 Qg6+ 39. Kh1 Rh5#)
0-1

[Event "Olympiad-39"]
[Site "Khanty-Mansiysk"]
[Date "2010.09.25"]
[Round "5.1"]
[White "Vachier Lagrave, Maxime"]
[Black "Adams, Michael"]
[Result "1/2-1/2"]
[WhiteElo "2721"]
[BlackElo "2728"]
[Annotator "Marin,M"]
[PlyCount "61"]
[EventDate "2010.09.21"]
[EventType "team-swiss"]
[EventRounds "11"]
[EventCountry "RUS"]
[SourceTitle "CBM 139"]
[Source "ChessBase"]
[SourceDate "2010.11.18"]
[SourceVersion "1"]
[SourceVersionDate "2010.11.18"]
[SourceQuality "1"]
[WhiteTeam "France"]
[BlackTeam "England"]
[WhiteTeamCountry "FRA"]
[BlackTeamCountry "ENG"]

1. e4 e5 2. Nf3 Nc6 3. Bb5 a6 4. Ba4 Nf6 5. O-O Be7 6. Re1 b5 7. Bb3 O-O 8. c3
d5 9. exd5 Nxd5 10. Nxe5 Nxe5 11. Rxe5 c6 12. d4 Bd6 13. Re1 Qh4 14. g3 Qh3 15.
Re4 g5 16. Qf1 Qh5 17. Nd2 Bf5 18. f3 Rae8 {A rare move.} ({The main
continuation is} 18... Nf6 19. Re1 (19. a4 {Shirov,A (2720)-Aronian,L (2741)/
Moscow 2006/CBM 116/[Marin] (0-1, 58)}) 19... Rae8 20. Rxe8 Rxe8 21. a4 Qg6 22.
axb5 Bd3 23. Qf2 Re2 24. Qxe2 Bxe2 25. bxa6 Qd3 $19 {Kramnik,V (2770)-Leko,P 
(2741)/Brissago 2004/CBM 103/[Knaak] (0-1, 32). A famous game, in which the
former World Champion prepared the whole line with White until a position that
is completely losing, despite the computers' optimism...}) 19. Rxe8 Rxe8 20.
Ne4 Bxe4 21. fxe4 Rxe4 22. Bd1 g4 23. Qf2 Re6 24. Bd2 $146 (24. a4 b4 25. Bd2
bxc3 26. bxc3 c5 {Elyakim,D-Krempel,T/ICCF corr 1990/Corr Nr. 1 (0-1, 33)})
24... Nf6 25. Bb3 Ne4 26. Qg2 Nxd2 27. Qxd2 Rf6 28. Re1 c5 29. Bc2 cxd4 30.
cxd4 Kg7 31. Re4 1/2-1/2